Представление документа в формате RUSMARC

ПолеНазваниеЗначение
  Тип записи a
  Библиографический уровень a
001 Контрольный номер UONB/MAIN/eaabe10569df4329a6642751564385f7
005 Дата корректировки 20260403095912.2
100 Данные общей обработки __
a Данные общей обработки 20260403 ||| 0rusy0189 ca
101 Язык документа 0_
a Язык текста rus
102 Страна публикации __
a Страна публикации RU
200 Заглавие и сведения об ответственности 1_
a Заглавие Мелодия жизни
f Первые сведения об ответственности Е. Петрова
203 Вид содержания и тип средства __
a Вид содержания Текст
b Характеристика содержания визуальный
c Тип средства непосредственный
215 Физическое описание __
c Иллюстрации/тип воспроизводства ил., портр.
330 Аннотация __
a Аннотация В Елауре увековечили имя Юрия Александровича Воронцова, учителя музыки, отличника народного просвещения.
461 Уровень набора _0
1 2000
a Волжские зори
463 Уровень физической единицы _0
1 2000
a № 13 (7163) (27 марта)
v С. 1, 7
1 2101
d 2026
1 001UONB/MAIN/b05d3d9194c94da69b65aad87fd0d284
600 Персоналии _1
a Персоналии (Фамилия) Воронцов
b Персоналии (Имя, инициалы) Ю. А.
g Полное имя Юрий Александрович
607 Географические рубрики __
a Географическое наименование Елаур, село (Сенгилеевский район ; Ульяновская область)
610 Ключевые слова 0_
a Ключевые слова увековечение имени; увековечение памяти; мемориальные доски; учителя; учителя музыки; почетные граждане; отличники народного просвещения
686 Индексы других классификаций __
2 Код системы rubbk
a Классификационный индекс 85.1385.13П
700 Автор _1
a Фамилия Петрова
b Имя (инициалы) Е.
801 Источник записи _0
a Страна RU
b Организация Ульяновская ОНБ
c Дата составления 20260403
g Правила каталогизации RCR
801 Источник записи _1
a Страна RU
b Организация Ульяновская ОНБ
c Дата составления 20260403
g Правила каталогизации RCR
901 Тип документа __
t Тип документа f
w Контрольный № источника UONB/MAIN/b05d3d9194c94da69b65aad87fd0d284
909 Создатель записи __
a Создатель записи Мухаметжанова
b Дата создания записи 20260403